[Event "DEM U10 2023"]
[Site "Willingen GER"]
[Date "2023.06.02"]
[Round "10"]
[White "Chua, Daniel James"]
[Black "Pflugbeil, Julian"]
[Result "1-0"]
[Termination "normal"]
[Board "10"]
[WhiteElo "1433"]
[BlackElo "1242"]
[WhiteClock "01:18:56"]
[BlackClock "01:24:10"]
[PlyCount "89"]
[WhiteFideId "34608354"]
[BlackFideId "34608850"]
[EventCountry "GER"]
[EventRounds "11"]
[EventType "swiss"]
[EventDate "2023.05.27"]

1. e4 {[%clk 01:15:27]} {[%emt 00:00:32]} d6 {[%clk 01:15:56]} {[%emt
00:00:05]} 2. d4 {[%clk 01:00:40]} {[%emt 00:00:32]} Nf6 {[%clk 01:16:21]}
{[%emt 00:00:04]} 3. Nc3 {[%clk 01:01:08]} {[%emt 00:00:03]} g6 {[%clk
01:16:46]} {[%emt 00:00:04]} 4. Bf4 {[%clk 01:01:34]} {[%emt 00:00:04]} Bg7
{[%clk 01:17:12]} {[%emt 00:00:04]} 5. Qd2 {[%clk 01:01:54]} {[%emt 00:00:11]}
Nc6 {[%clk 01:17:23]} {[%emt 00:00:18]} 6. O-O-O {[%clk 01:02:14]} {[%emt
00:00:10]} e6 {[%clk 01:17:28]} {[%emt 00:00:25]} 7. f3 {[%clk 01:02:05]}
{[%emt 00:00:39]} Bd7 {[%clk 01:17:54]} {[%emt 00:00:04]} 8. Bc4 {[%clk
01:01:26]} {[%emt 00:01:09]} Qe7 {[%clk 01:18:17]} {[%emt 00:00:08]} 9. Nge2
{[%clk 01:01:34]} {[%emt 00:00:21]} O-O-O {[%clk 01:18:42]} {[%emt 00:00:06]}
10. Rhe1 {[%clk 01:01:26]} {[%emt 00:00:36]} e5 {[%clk 01:19:02]} {[%emt
00:00:11]} 11. Bg5 {[%clk 01:00:58]} {[%emt 00:00:58]} h6 {[%emt 00:00:12]} 12.
Nd5 {[%emt 00:00:14]} Qf8 {[%clk 01:16:00]} {[%emt 00:03:06]} 13. Bxf6 {[%clk
01:01:17]} {[%emt 00:00:12]} Bxf6 {[%clk 01:15:31]} {[%emt 00:00:58]} 14. Nxf6
{[%clk 01:01:45]} {[%emt 00:00:02]} exd4 {[%clk 01:15:25]} {[%emt 00:00:36]}
15. Nxd7 {[%clk 01:02:05]} {[%emt 00:00:10]} Rxd7 {[%clk 01:15:45]} {[%emt
00:00:11]} 16. Nxd4 {[%clk 01:02:28]} {[%emt 00:00:06]} Ne5 {[%clk 01:16:09]}
{[%emt 00:00:06]} 17. Qc3 {[%clk 01:01:29]} {[%emt 00:01:30]} c5 {[%clk
01:15:20]} {[%emt 00:01:19]} 18. Nb5 {[%clk 01:14:20]} {[%emt 00:03:21]} Nxc4
{[%clk 01:15:38]} {[%emt 00:00:13]} 19. Qxc4 {[%clk 01:14:31]} {[%emt
00:00:18]} a6 {[%clk 01:15:30]} {[%emt 00:00:38]} 20. Nxd6+ {[%clk 01:13:30]}
{[%emt 00:01:31]} Rxd6 {[%clk 01:15:46]} {[%emt 00:00:15]} 21. Qxc5+ {[%clk
01:13:54]} {[%emt 00:00:05]} Rc6 {[%clk 01:16:10]} {[%emt 00:00:06]} 22. Qxf8+
{[%clk 01:14:19]} {[%emt 00:00:05]} Rxf8 {[%clk 01:16:36]} {[%emt 00:00:04]}
23. Rd3 {[%clk 01:14:35]} {[%emt 00:00:14]} Rc7 {[%clk 01:16:52]} {[%emt
00:00:15]} 24. Rc3 {[%clk 01:14:55]} {[%emt 00:00:10]} Rxc3 {[%clk 01:17:16]}
{[%emt 00:00:05]} 25. bxc3 {[%clk 01:15:23]} {[%emt 00:00:03]} Kc7 {[%clk
01:17:40]} {[%emt 00:00:05]} 26. Rd1 {[%clk 01:15:42]} {[%emt 00:00:10]} f5
{[%clk 01:17:50]} {[%emt 00:00:20]} 27. e5 {[%clk 01:16:02]} {[%emt 00:00:11]}
Re8 {[%clk 01:18:17]} {[%emt 00:00:03]} 28. f4 {[%clk 01:16:29]} {[%emt
00:00:03]} Re6 {[%clk 01:18:33]} {[%emt 00:00:14]} 29. Rd4 {[%clk 01:16:02]}
{[%emt 00:00:57]} b5 {[%clk 01:18:53]} {[%emt 00:00:10]} 30. Kb2 {[%clk
01:16:17]} {[%emt 00:00:14]} g5 {[%clk 01:19:19]} {[%emt 00:00:05]} 31. g3
{[%clk 01:16:38]} {[%emt 00:00:09]} Kc6 {[%clk 01:19:39]} {[%emt 00:00:10]} 32.
Kb3 {[%clk 01:16:09]} {[%emt 00:00:58]} Kc5 {[%clk 01:20:01]} {[%emt 00:00:09]}
33. Rd6 {[%clk 01:15:51]} {[%emt 00:00:47]} Rxd6 {[%clk 01:20:26]} {[%emt
00:00:07]} 34. exd6 {[%clk 01:16:16]} {[%emt 00:00:04]} Kxd6 {[%clk 01:20:48]}
{[%emt 00:00:08]} 35. c4 {[%clk 01:16:38]} {[%emt 00:00:09]} Kc5 {[%clk
01:20:56]} {[%emt 00:00:21]} 36. cxb5 {[%clk 01:16:52]} {[%emt 00:00:15]} axb5
{[%clk 01:21:12]} {[%emt 00:00:16]} 37. Kc3 {[%clk 01:17:02]} {[%emt 00:00:19]}
Kd5 {[%clk 01:21:27]} {[%emt 00:00:14]} 38. Kd3 {[%clk 01:17:10]} {[%emt
00:00:23]} b4 {[%clk 01:21:49]} {[%emt 00:00:08]} 39. c3 {[%clk 01:17:05]}
{[%emt 00:00:35]} bxc3 {[%clk 01:22:14]} {[%emt 00:00:05]} 40. Kxc3 {[%clk
01:17:31]} {[%emt 00:00:04]} gxf4 {[%clk 01:22:39]} {[%emt 00:00:04]} 41. gxf4
{[%clk 01:17:25]} {[%emt 00:00:37]} Ke4 {[%clk 01:22:51]} {[%emt 00:00:18]} 42.
a4 {[%clk 01:17:45]} {[%emt 00:00:11]} Kxf4 {[%clk 01:23:18]} {[%emt 00:00:03]}
43. a5 {[%clk 01:18:03]} {[%emt 00:00:11]} Ke3 {[%clk 01:23:43]} {[%emt
00:00:05]} 44. a6 {[%clk 01:18:29]} {[%emt 00:00:05]} f4 {[%clk 01:24:10]}
{[%emt 00:00:02]} 45. a7 {[%clk 01:18:56]} {[%emt 00:00:03]} 1-0

[Event "DEM U10 2023"]
[Site "Willingen GER"]
[Date "2023.06.02"]
[Round "10"]
[White "Serwane, Ruben"]
[Black "Sutharjan, Dakxwin"]
[Result "0-1"]
[Termination "normal"]
[Board "11"]
[WhiteElo "1489"]
[BlackElo "1438"]
[WhiteClock "00:30:09"]
[BlackClock "00:55:14"]
[PlyCount "86"]
[WhiteFideId "34660232"]
[BlackFideId "34606548"]
[EventCountry "GER"]
[EventRounds "11"]
[EventType "swiss"]
[EventDate "2023.05.27"]

1. e4 {[%clk 01:15:58]} {[%emt 00:00:01]} d5 {[%clk 01:15:54]} {[%emt
00:00:06]} 2. exd5 {[%clk 01:16:12]} {[%emt 00:00:16]} Nf6 {[%clk 01:16:05]}
{[%emt 00:00:19]} 3. Bb5+ {[%clk 01:16:05]} {[%emt 00:00:37]} Bd7 {[%clk
01:16:13]} {[%emt 00:00:23]} 4. Bc4 {[%clk 01:16:17]} {[%emt 00:00:18]} Bf5
{[%clk 01:16:13]} {[%emt 00:00:29]} 5. Nc3 {[%clk 01:16:18]} {[%emt 00:00:29]}
Nbd7 {[%clk 01:15:12]} {[%emt 00:01:31]} 6. d4 {[%clk 01:15:54]} {[%emt
00:00:54]} Nb6 {[%clk 01:14:50]} {[%emt 00:00:51]} 7. Bb5+ {[%clk 01:12:45]}
{[%emt 00:03:40]} Bd7 {[%clk 01:15:04]} {[%emt 00:00:16]} 8. Bxd7+ {[%clk
01:12:05]} {[%emt 00:01:11]} Qxd7 {[%clk 01:15:21]} {[%emt 00:00:13]} 9. Nf3
{[%clk 01:11:56]} {[%emt 00:00:37]} Nbxd5 {[%clk 01:06:08]} {[%emt 00:09:44]}
10. Ne5 {[%clk 01:05:41]} {[%emt 00:06:45]} Qd6 {[%clk 01:06:18]} {[%emt
00:00:20]} 11. Nb5 {[%clk 01:02:57]} {[%emt 00:03:13]} Qb4+ {[%clk 01:06:23]}
{[%emt 00:00:25]} 12. Qd2 {[%clk 01:00:27]} {[%emt 00:03:01]} Qxb5 {[%clk
01:06:19]} {[%emt 00:00:34]} 13. c4 {[%clk 01:00:33]} {[%emt 00:00:23]} Qb4
{[%clk 01:05:58]} {[%emt 00:00:52]} 14. cxd5 {[%clk 01:00:43]} {[%emt
00:00:20]} Nxd5 {[%clk 01:06:07]} {[%emt 00:00:21]} 15. a3 {[%clk 01:00:07]}
{[%emt 00:01:06]} Qxd2+ {[%clk 01:06:17]} {[%emt 00:00:19]} 16. Bxd2 {[%clk
01:00:18]} {[%emt 00:00:20]} f6 {[%clk 01:06:19]} {[%emt 00:00:28]} 17. Nd3
{[%clk 01:00:09]} {[%emt 00:00:38]} O-O-O {[%clk 01:06:10]} {[%emt 00:00:40]}
18. Rc1 {[%clk 01:00:02]} {[%emt 00:00:35]} e6 {[%clk 01:05:07]} {[%emt
00:01:35]} 19. O-O {[%clk 00:59:29]} {[%emt 00:01:02]} Bd6 {[%clk 01:05:08]}
{[%emt 00:00:30]} 20. Rfe1 {[%clk 00:56:06]} {[%emt 00:03:53]} Rhe8 {[%clk
01:04:44]} {[%emt 00:00:53]} 21. Nc5 {[%clk 00:53:47]} {[%emt 00:02:49]} Bxc5
{[%clk 01:04:34]} {[%emt 00:00:40]} 22. dxc5 {[%clk 00:53:43]} {[%emt
00:00:34]} c6 {[%clk 01:04:36]} {[%emt 00:00:28]} 23. Re4 {[%clk 00:49:22]}
{[%emt 00:04:51]} e5 {[%clk 01:04:28]} {[%emt 00:00:39]} 24. Rce1 {[%clk
00:46:33]} {[%emt 00:03:18]} Nc7 {[%clk 00:59:24]} {[%emt 00:05:35]} 25. Ba5
{[%clk 00:44:26]} {[%emt 00:02:35]} Rd5 {[%clk 00:58:30]} {[%emt 00:01:25]} 26.
b4 {[%clk 00:40:08]} {[%emt 00:04:48]} Nb5 {[%clk 00:57:01]} {[%emt 00:01:59]}
27. R4e3 {[%clk 00:36:39]} {[%emt 00:03:59]} Nd4 {[%clk 00:56:30]} {[%emt
00:01:02]} 28. Rh3 {[%clk 00:35:45]} {[%emt 00:01:18]} h6 {[%clk 00:56:29]}
{[%emt 00:00:36]} 29. f4 {[%clk 00:35:28]} {[%emt 00:00:33]} e4 {[%clk
00:55:56]} {[%emt 00:01:17]} 30. Rhe3 {[%clk 00:35:26]} {[%emt 00:00:30]} f5
{[%clk 00:56:06]} {[%emt 00:00:22]} 31. Rg3 {[%clk 00:34:20]} {[%emt 00:01:34]}
Re7 {[%clk 00:55:42]} {[%emt 00:00:56]} 32. Rg6 {[%clk 00:33:33]} {[%emt
00:01:17]} Nb3 {[%clk 00:55:47]} {[%emt 00:00:24]} 33. Re3 {[%clk 00:32:54]}
{[%emt 00:01:05]} Nxa5 {[%clk 00:55:29]} {[%emt 00:00:53]} 34. bxa5 {[%clk
00:33:05]} {[%emt 00:00:19]} Rxc5 {[%clk 00:55:50]} {[%emt 00:00:09]} 35. h3
{[%clk 00:32:10]} {[%emt 00:01:25]} Rxa5 {[%clk 00:55:55]} {[%emt 00:00:26]}
36. Reg3 {[%clk 00:32:19]} {[%emt 00:00:14]} c5 {[%clk 00:55:17]} {[%emt
00:01:14]} 37. Rxg7 {[%clk 00:32:35]} {[%emt 00:00:14]} Rxg7 {[%clk 00:55:41]}
{[%emt 00:00:06]} 38. Rxg7 {[%clk 00:32:53]} {[%emt 00:00:12]} c4 {[%clk
00:56:02]} {[%emt 00:00:10]} 39. Rg3 {[%clk 00:32:49]} {[%emt 00:00:33]} Rd5
{[%clk 00:56:04]} {[%emt 00:00:28]} 40. Rc3 {[%clk 00:32:47]} {[%emt 00:00:32]}
b5 {[%clk 00:56:22]} {[%emt 00:00:13]} 41. g4 {[%clk 00:32:52]} {[%emt
00:00:23]} fxg4 {[%clk 00:56:36]} {[%emt 00:00:18]} 42. hxg4 {[%clk 00:33:08]}
{[%emt 00:00:13]} Rd3 {[%clk 00:56:56]} {[%emt 00:00:10]} 43. Rc2 {[%clk
00:30:09]} {[%emt 00:03:29]} Rg3+ {[%clk 00:55:14]} {[%emt 00:02:11]} 0-1

[Event "DEM U10 2023"]
[Site "Willingen GER"]
[Date "2023.06.02"]
[Round "10"]
[White "Gendzelevsky, Stefan"]
[Black "Teng, David"]
[Result "0-1"]
[Termination "normal"]
[Board "12"]
[WhiteElo "1442"]
[BlackElo "1554"]
[WhiteClock "00:35:55"]
[BlackClock "00:31:04"]
[PlyCount "90"]
[WhiteFideId "34637672"]
[BlackFideId "34604570"]
[EventCountry "GER"]
[EventRounds "11"]
[EventType "swiss"]
[EventDate "2023.05.27"]

1. e4 {[%clk 01:15:58]} {[%emt 00:00:01]} c5 {[%clk 01:15:55]} {[%emt
00:00:05]} 2. Nc3 {[%clk 01:16:24]} {[%emt 00:00:04]} e6 {[%clk 01:16:22]}
{[%emt 00:00:03]} 3. f4 {[%clk 01:16:48]} {[%emt 00:00:06]} d5 {[%clk
01:16:29]} {[%emt 00:00:24]} 4. Bb5+ {[%clk 01:17:09]} {[%emt 00:00:08]} Bd7
{[%clk 01:16:36]} {[%emt 00:00:23]} 5. a4 {[%clk 01:17:23]} {[%emt 00:00:16]}
d4 {[%clk 01:14:14]} {[%emt 00:02:53]} 6. Nce2 {[%clk 01:13:48]} {[%emt
00:04:04]} Bxb5 {[%clk 01:12:33]} {[%emt 00:02:11]} 7. axb5 {[%clk 01:13:29]}
{[%emt 00:00:50]} Qb6 {[%clk 01:10:29]} {[%emt 00:02:33]} 8. d3 {[%clk
01:10:10]} {[%emt 00:03:49]} Qxb5 {[%clk 01:07:18]} {[%emt 00:03:42]} 9. Nf3
{[%clk 01:08:28]} {[%emt 00:02:11]} Nc6 {[%clk 01:06:12]} {[%emt 00:01:36]} 10.
O-O {[%clk 01:08:13]} {[%emt 00:00:44]} Nf6 {[%clk 01:04:18]} {[%emt 00:02:25]}
11. Ne5 {[%clk 01:05:50]} {[%emt 00:02:53]} Qb6 {[%clk 00:58:16]} {[%emt
00:06:33]} 12. Nxc6 {[%clk 01:05:12]} {[%emt 00:01:08]} Qxc6 {[%clk 00:57:14]}
{[%emt 00:01:31]} 13. Ng3 {[%clk 01:04:51]} {[%emt 00:00:49]} Be7 {[%clk
00:55:41]} {[%emt 00:02:05]} 14. Qf3 {[%clk 01:04:57]} {[%emt 00:00:24]} O-O
{[%clk 00:51:05]} {[%emt 00:05:06]} 15. f5 {[%clk 01:04:02]} {[%emt 00:01:25]}
a6 {[%clk 00:43:57]} {[%emt 00:07:39]} 16. Bg5 {[%clk 01:03:33]} {[%emt
00:00:48]} e5 {[%clk 00:40:57]} {[%emt 00:03:40]} 17. Nh5 {[%clk 01:01:41]}
{[%emt 00:02:19]} Nxh5 {[%clk 00:36:59]} {[%emt 00:04:47]} 18. Qxh5 {[%clk
01:01:59]} {[%emt 00:00:12]} Bxg5 {[%clk 00:37:05]} {[%emt 00:00:24]} 19. Qxg5
{[%clk 01:02:20]} {[%emt 00:00:08]} h6 {[%clk 00:36:49]} {[%emt 00:02:15]} 20.
Qg4 {[%clk 01:02:36]} {[%emt 00:00:13]} Qf6 {[%clk 00:36:31]} {[%emt 00:00:49]}
21. Rf3 {[%clk 01:02:27]} {[%emt 00:00:38]} Rac8 {[%clk 00:35:42]} {[%emt
00:01:20]} 22. b3 {[%clk 00:58:10]} {[%emt 00:04:47]} Rc6 {[%clk 00:33:11]}
{[%emt 00:03:01]} 23. Raf1 {[%clk 00:57:25]} {[%emt 00:01:15]} b5 {[%clk
00:31:56]} {[%emt 00:01:45]} 24. Rh3 {[%clk 00:53:18]} {[%emt 00:04:37]} c4
{[%clk 00:31:39]} {[%emt 00:00:48]} 25. bxc4 {[%clk 00:53:18]} {[%emt
00:00:29]} bxc4 {[%clk 00:31:25]} {[%emt 00:00:45]} 26. Rff3 {[%clk 00:52:49]}
{[%emt 00:00:58]} cxd3 {[%clk 00:29:53]} {[%emt 00:02:03]} 27. cxd3 {[%emt
00:00:39]} Rb8 {[%clk 00:29:19]} {[%emt 00:00:45]} 28. Rf2 {[%emt 00:04:16]}
Rc1+ {[%clk 00:28:44]} {[%emt 00:00:33]} 29. Rf1 {[%clk 00:50:03]} {[%emt
00:00:10]} Rxf1+ {[%clk 00:29:09]} {[%emt 00:00:06]} 30. Kxf1 {[%clk 00:50:18]}
{[%emt 00:00:15]} Qc6 {[%emt 00:01:56]} 31. Qd1 {[%emt 00:02:53]} Rb2 {[%clk
00:28:08]} {[%emt 00:00:33]} 32. Rf3 {[%clk 00:44:38]} {[%emt 00:03:18]} Qb5
{[%emt 00:06:54]} 33. h3 {[%clk 00:37:41]} {[%emt 00:00:46]} Rb1 {[%clk
00:28:50]} {[%emt 00:00:07]} 34. Ke2 {[%clk 00:37:31]} {[%emt 00:00:40]} Rxd1
{[%clk 00:29:13]} {[%emt 00:00:08]} 35. Kxd1 {[%clk 00:37:54]} {[%emt
00:00:06]} Qb1+ {[%clk 00:29:28]} {[%emt 00:00:14]} 36. Ke2 {[%clk 00:38:09]}
{[%emt 00:00:14]} a5 {[%clk 00:29:53]} {[%emt 00:00:06]} 37. Kf2 {[%clk
00:37:12]} {[%emt 00:01:26]} a4 {[%clk 00:30:17]} {[%emt 00:00:08]} 38. Kg3
{[%clk 00:35:14]} {[%emt 00:02:28]} a3 {[%clk 00:30:18]} {[%emt 00:00:29]} 39.
Rf2 {[%clk 00:35:32]} {[%emt 00:00:11]} Qe1 {[%clk 00:30:14]} {[%emt 00:00:34]}
40. Kf3 {[%clk 00:35:10]} {[%emt 00:00:52]} Qe3+ {[%clk 00:30:10]} {[%emt
00:00:32]} 41. Kg4 {[%clk 00:35:30]} {[%emt 00:00:13]} Qxf2 {[%clk 00:30:30]}
{[%emt 00:00:10]} 42. g3 {[%clk 00:35:12]} {[%emt 00:00:48]} a2 {[%clk
00:29:58]} {[%emt 00:01:01]} 43. h4 {[%clk 00:35:30]} {[%emt 00:00:13]} a1=Q
{[%clk 00:30:19]} {[%emt 00:00:09]} 44. h5 {[%clk 00:35:37]} {[%emt 00:00:22]}
Qd1+ {[%clk 00:30:40]} {[%emt 00:00:09]} 45. Kh3 {[%clk 00:35:55]} {[%emt
00:00:09]} Qxh5# {[%clk 00:31:04]} {[%emt 00:00:09]} 0-1

[Event "DEM U10 2023"]
[Site "Willingen GER"]
[Date "2023.06.02"]
[Round "10"]
[White "Hamann, Friedrich"]
[Black "Bergmann, Rafael Antonio"]
[Result "1/2-1/2"]
[Termination "normal"]
[Board "13"]
[WhiteElo "1404"]
[BlackElo "1669"]
[WhiteClock "00:04:51"]
[BlackClock "00:49:18"]
[PlyCount "75"]
[WhiteFideId "34622829"]
[BlackFideId "34635076"]
[EventCountry "GER"]
[EventRounds "11"]
[EventType "swiss"]
[EventDate "2023.05.27"]

1. e4 {[%clk 01:15:45]} {[%emt 00:00:14]} e5 {[%clk 01:15:37]} {[%emt
00:00:22]} 2. f4 {[%clk 01:15:45]} {[%emt 00:00:32]} d5 {[%clk 01:14:34]}
{[%emt 00:01:33]} 3. Nf3 {[%clk 01:16:05]} {[%emt 00:00:09]} exf4 {[%clk
01:14:16]} {[%emt 00:00:48]} 4. exd5 {[%clk 01:15:36]} {[%emt 00:00:59]} Qxd5
{[%clk 01:14:24]} {[%emt 00:00:23]} 5. Nc3 {[%clk 01:15:15]} {[%emt 00:00:51]}
Qe6+ {[%clk 01:14:28]} {[%emt 00:00:27]} 6. Be2 {[%clk 01:14:30]} {[%emt
00:01:13]} Nf6 {[%clk 01:13:43]} {[%emt 00:01:15]} 7. d4 {[%clk 01:13:32]}
{[%emt 00:01:28]} c6 {[%clk 01:13:29]} {[%emt 00:00:45]} 8. Bxf4 {[%clk
01:07:31]} {[%emt 00:06:30]} Bb4 {[%clk 01:11:43]} {[%emt 00:02:17]} 9. O-O
{[%clk 01:02:44]} {[%emt 00:05:16]} O-O {[%clk 01:10:28]} {[%emt 00:01:46]} 10.
a3 {[%clk 00:57:20]} {[%emt 00:05:55]} Bxc3 {[%clk 01:08:46]} {[%emt 00:02:11]}
11. bxc3 {[%clk 00:57:29]} {[%emt 00:00:21]} Nd5 {[%clk 01:08:47]} {[%emt
00:00:29]} 12. Bd2 {[%clk 00:55:21]} {[%emt 00:02:34]} Nxc3 {[%clk 01:05:34]}
{[%emt 00:03:48]} 13. Bxc3 {[%clk 00:53:35]} {[%emt 00:02:15]} Qe3+ {[%clk
01:05:54]} {[%emt 00:00:10]} 14. Rf2 {[%clk 00:50:20]} {[%emt 00:03:45]} Qxc3
{[%clk 01:06:06]} {[%emt 00:00:18]} 15. Bd3 {[%clk 00:45:27]} {[%emt 00:05:21]}
Bg4 {[%clk 01:06:08]} {[%emt 00:00:31]} 16. Qe1 {[%clk 00:41:57]} {[%emt
00:03:58]} Qxe1+ {[%clk 01:05:16]} {[%emt 00:01:23]} 17. Rxe1 {[%clk 00:42:15]}
{[%emt 00:00:12]} Nd7 {[%clk 01:04:32]} {[%emt 00:01:14]} 18. Bc4 {[%clk
00:35:32]} {[%emt 00:07:12]} Bxf3 {[%clk 01:00:47]} {[%emt 00:04:15]} 19. Rxf3
{[%clk 00:34:41]} {[%emt 00:01:22]} Nb6 {[%clk 01:00:17]} {[%emt 00:01:00]} 20.
Bb3 {[%clk 00:34:10]} {[%emt 00:01:01]} Nd5 {[%clk 01:00:34]} {[%emt 00:00:13]}
21. Bxd5 {[%clk 00:30:40]} {[%emt 00:04:00]} cxd5 {[%clk 01:00:28]} {[%emt
00:00:36]} 22. Re7 {[%clk 00:30:37]} {[%emt 00:00:33]} b6 {[%clk 00:58:31]}
{[%emt 00:02:28]} 23. Rd7 {[%clk 00:27:39]} {[%emt 00:03:27]} Rac8 {[%emt
00:05:23]} 24. c3 {[%clk 00:27:08]} {[%emt 00:00:59]} Rcd8 {[%clk 00:54:00]}
{[%emt 00:00:11]} 25. Rxa7 {[%clk 00:27:08]} {[%emt 00:00:30]} Ra8 {[%clk
00:54:06]} {[%emt 00:00:23]} 26. Rxa8 {[%clk 00:25:24]} {[%emt 00:02:14]} Rxa8
{[%clk 00:52:52]} {[%emt 00:01:44]} 27. Rf5 {[%clk 00:25:21]} {[%emt 00:00:31]}
Ra5 {[%clk 00:53:00]} {[%emt 00:00:24]} 28. Kf2 {[%clk 00:23:31]} {[%emt
00:02:19]} f6 {[%clk 00:53:11]} {[%emt 00:00:17]} 29. c4 {[%clk 00:16:45]}
{[%emt 00:07:18]} Rxa3 {[%clk 00:51:09]} {[%emt 00:02:33]} 30. Rxd5 {[%clk
00:16:10]} {[%emt 00:01:06]} Rc3 {[%clk 00:51:12]} {[%emt 00:00:25]} 31. c5
{[%clk 00:13:32]} {[%emt 00:03:09]} bxc5 {[%clk 00:49:29]} {[%emt 00:02:13]}
32. Rxc5 {[%clk 00:12:02]} {[%emt 00:02:00]} Rd3 {[%clk 00:49:48]} {[%emt
00:00:11]} 33. Rc4 {[%clk 00:12:14]} {[%emt 00:00:19]} Rd2+ {[%clk 00:50:00]}
{[%emt 00:00:19]} 34. Kf3 {[%clk 00:12:30]} {[%emt 00:00:13]} Kf7 {[%clk
00:50:23]} {[%emt 00:00:08]} 35. Rc7+ {[%clk 00:10:31]} {[%emt 00:02:29]} Kg6
{[%clk 00:50:37]} {[%emt 00:00:15]} 36. Rd7 {[%clk 00:10:35]} {[%emt 00:00:26]}
h5 {[%clk 00:49:17]} {[%emt 00:01:49]} 37. h4 {[%clk 00:06:11]} {[%emt
00:04:56]} Kh6 {[%clk 00:49:18]} {[%emt 00:00:27]} 38. Rd6 {[%clk 00:04:51]}
{[%emt 00:01:53]} 1/2-1/2

[Event "DEM U10 2023"]
[Site "Willingen GER"]
[Date "2023.06.02"]
[Round "10"]
[White "Baumann, Simon"]
[Black "Naumann, Lennart"]
[Result "0-1"]
[Termination "normal"]
[Board "14"]
[WhiteElo "1423"]
[BlackElo "1537"]
[WhiteClock "01:01:50"]
[BlackClock "00:58:05"]
[PlyCount "48"]
[WhiteFideId "34643664"]
[BlackFideId "34644830"]
[EventCountry "GER"]
[EventRounds "11"]
[EventType "swiss"]
[EventDate "2023.05.27"]

1. e4 {[%clk 01:15:59]} {[%emt 00:00:01]} c5 {[%clk 01:15:42]} {[%emt
00:00:19]} 2. Nf3 {[%clk 01:16:19]} {[%emt 00:00:09]} g6 {[%clk 01:16:01]}
{[%emt 00:00:11]} 3. Bc4 {[%clk 01:13:40]} {[%emt 00:03:09]} Bg7 {[%clk
01:15:51]} {[%emt 00:00:40]} 4. d3 {[%clk 01:12:15]} {[%emt 00:01:55]} Nc6
{[%clk 01:15:26]} {[%emt 00:00:55]} 5. Nc3 {[%clk 01:10:45]} {[%emt 00:02:00]}
e6 {[%clk 01:15:00]} {[%emt 00:00:54]} 6. Rb1 {[%clk 01:10:14]} {[%emt
00:01:03]} Nge7 {[%clk 01:14:45]} {[%emt 00:00:44]} 7. Be3 {[%clk 01:09:23]}
{[%emt 00:01:22]} d5 {[%clk 01:14:48]} {[%emt 00:00:26]} 8. exd5 {[%clk
01:09:15]} {[%emt 00:00:38]} exd5 {[%clk 01:15:09]} {[%emt 00:00:09]} 9. Nxd5
{[%clk 01:09:14]} {[%emt 00:00:31]} Nxd5 {[%clk 01:15:02]} {[%emt 00:00:38]}
10. Bxc5 {[%clk 01:09:27]} {[%emt 00:00:16]} Qa5+ {[%clk 01:14:59]} {[%emt
00:00:34]} 11. c3 {[%clk 01:07:21]} {[%emt 00:02:36]} Qxc5 {[%clk 01:14:52]}
{[%emt 00:00:37]} 12. Qe2+ {[%clk 01:06:58]} {[%emt 00:00:53]} Nce7 {[%clk
01:12:24]} {[%emt 00:02:58]} 13. d4 {[%clk 01:06:15]} {[%emt 00:01:12]} Qd6
{[%clk 01:11:37]} {[%emt 00:01:18]} 14. O-O {[%clk 01:05:32]} {[%emt 00:01:13]}
O-O {[%clk 01:11:06]} {[%emt 00:01:00]} 15. Rfe1 {[%clk 01:05:08]} {[%emt
00:00:54]} Bg4 {[%clk 01:09:21]} {[%emt 00:02:15]} 16. h3 {[%clk 01:04:20]}
{[%emt 00:01:18]} Bxf3 {[%clk 01:08:40]} {[%emt 00:01:12]} 17. Qxf3 {[%clk
01:04:11]} {[%emt 00:00:19]} Nb6 {[%clk 01:02:17]} {[%emt 00:07:11]} 18. Qxb7
{[%clk 01:03:23]} {[%emt 00:01:19]} Nxc4 {[%clk 00:59:51]} {[%emt 00:02:56]}
19. Qxe7 {[%clk 01:03:29]} {[%emt 00:00:24]} Qxe7 {[%clk 00:58:22]} {[%emt
00:02:00]} 20. Rxe7 {[%clk 01:03:47]} {[%emt 00:00:11]} Rfb8 {[%clk 00:57:48]}
{[%emt 00:01:04]} 21. b3 {[%clk 01:03:33]} {[%emt 00:00:44]} Na3 {[%clk
00:57:50]} {[%emt 00:00:28]} 22. Rbe1 {[%clk 01:02:52]} {[%emt 00:01:10]} Nb5
{[%clk 00:57:44]} {[%emt 00:00:36]} 23. Rc1 {[%clk 01:02:01]} {[%emt 00:01:22]}
Rc8 {[%clk 00:57:50]} {[%emt 00:00:24]} 24. Re3 {[%clk 01:01:50]} {[%emt
00:00:40]} Bh6 {[%clk 00:58:05]} {[%emt 00:00:16]} 0-1